|
|
|
|
| LEADER |
00000nam a22000007a 4500 |
| 005 |
2021061600320.0 |
| 007 |
cr|||| |||| |
| 008 |
210616s2020 br |||||s|||| 00||0 por d |
| 020 |
|
|
|a 978-65-86060-06-5
|
| 035 |
|
|
|a 33600
|
| 040 |
|
|
|a vLex
|
| 090 |
|
|
|c 11792
|d 11792
|
| 100 |
1 |
|
|a Bottino, Thiago
|
| 245 |
1 |
0 |
|a Estado, Justiȧ e Sociedade
|h [Recurso electrn̤ico] :
|b Reflexe̳s sobre as Instituiė̳s e o Direito /
|c Thiago Bottino, Michael Freitas Mohallem
|
| 256 |
|
|
|a Servicio en ln̕ea
|
| 260 |
|
|
|a Ro̕ de Janeiro:
|b FGV - Direito Rio,
|c 2020
|
| 300 |
|
|
|a 1 recurso electrn̤ico
|
| 500 |
|
|
|a Os l︢timos anos foram desafiadores para estudiosos do Direito. As instituiė̳s foram exigidas at ̌o limite de suas competn̊cias e reformas legais com profundo impacto no pas̕ foram aprovadas pelo Congresso Nacional. A jurisprudn̊cia do Supremo Tribunal Federal foi inovada com reflexos em burocracias estatais e na aplicaȯ̂ da lei por milhares de magistrados em instńcias inferiores do Judicir̀io. A polt̕ica tambm̌ foi profundamente transformada, com intensidade que nô se via desde a redemocratizaȯ̂. Para compreender o papel do direito e das instituiė̳s nesse intricado contexto, foi organizada a obra "Estado, Justiȧ e Sociedade: Reflexe̳s sobre as Instituiė̳s e o Direito". O livro ̌formado de importantes reflexe̳s originalmente publicadas pelos principais jornais e portais de notc̕ias do pas̕, produzidos no calor dos acontecimentos, justamente para que cada grande episd̤io do direito e da polt̕ica nos l︢timos anos recebesse a devida anl̀ise no momento em que seu entendimento era mais necessr̀io. Esta obra tambm̌ ̌representativa de como a FGV Direito Rio identifica sua missô institucional. Os 56 artigos que a integram sô exemplos da tentativa constante de contribuir com a reflexô sobre os desafios e mudanȧs no Direito. Entre viradas jurisprudenciais e inovaė̳s regulatr̤ias, debruȧr-se sobre o momento ̌desafiador, mas tambm̌ imprescindv̕el.
|
| 506 |
1 |
|
|a Disponible solo en los productos indicados
|d vLex Global
|d vLex Global (Academic Edition, excluding Law Schools)
|d vLex Global (U.S. Academic Edition, Law Schools)
|d vLex Global (U.S. Academic Edition, excluding Law Schools)
|d vLex Global (Academic Edition, Law Schools)
|
| 650 |
0 |
4 |
|a Derecho Pb︢lico y Administrativo
|z Brasil
|
| 700 |
1 |
|
|a Freitas Mohallem, Michael
|
| 740 |
0 |
|
|a vLex Libros (Servicio en ln̕ea)
|
| 856 |
4 |
0 |
|u https://vlex.com/source/estado-justi-a-e-sociedade-reflex-es-sobre-as-institui-es-e-o-direito-33600
|z Acceso restringido
|
| 942 |
|
|
|c BOOK
|
| 999 |
0 |
|
|a Public and Administrative Law
|